|
|
|
|
| LEADER |
00000nab a2200000 a 4500 |
| 001 |
vtls000543058 |
| 003 |
SK-MaSNL |
| 005 |
20260318124820.0 |
| 008 |
160204c1994 xo 0 eng |
| 015 |
|
|
|a SNBRA19rr/mm-uuuuu
|
| 035 |
|
|
|a CL0543196
|
| 040 |
|
|
|a SNKBUCL
|b slo
|c SNKBUCL
|e AACR2
|
| 041 |
0 |
|
|a eng
|
| 044 |
|
|
|a xo
|c SK
|
| 080 |
|
|
|a 517.956.2
|2 1981
|
| 100 |
1 |
|
|a Ďurikovičová, Mária,
|d 1942-2021
|4 aut
|9 214999
|
| 245 |
1 |
0 |
|a Some properties of elliptic boundary value problems
|c Mária Ďurikovičová, Vladimír Ďurikovič
|
| 300 |
|
|
|b Res. slov., lit. 5 zázn. v angl., ruš., slov.
|
| 650 |
0 |
7 |
|a diferenciálne rovnice
|2 snkbucl
|9 63334
|
| 650 |
0 |
7 |
|a úlohy okrajové eliptické
|2 snkbucl
|9 1294149
|
| 655 |
|
7 |
|a články zo zborníkov
|2 snkbucl
|9 166140
|
| 700 |
1 |
|
|a Ďurikovič, Vladimír,
|d 1940-2021
|4 aut
|9 215013
|
| 773 |
0 |
|
|t Zborník vedeckých prác Strojníckej fakulty Slovenskej technickej univerzity v Bratislave 22
|d Bratislava : Strojnícka fakulta STU, 1994
|g S. 27-35
|z 8022706396
|
| 850 |
|
|
|a Slovenská národná knižnica v Martine
|a MTA001
|
| 852 |
|
|
|a SNK
|b KIS3GCP
|
| 958 |
|
|
|a NB
|
| 958 |
|
|
|a RK
|
| 992 |
|
|
|a RZB
|
| 999 |
|
|
|c 2575270
|d 2577200
|